| 000 | 00000nam##2200000za#4500 |
| 001 | 9.689916 |
| 003 | CaOODSP |
| 005 | 20230117131520 |
| 007 | cr ||||||||||| |
| 008 | 150407|2002||||xxc|||||o f|0| 0 eng|d |
| 040 | |aCaOODSP|beng |
| 043 | |an-cn--- |
| 086 | 1 |aJL2-35/2002E-PDF |
| 110 | 2 |aLaw Commission of Canada. |
| 245 | 14|aThe legal concept of employment - marginalizing workers / |h[electronic resource]|cBy Judy Fudge, Eric Tucker and Leah Vosko. |
| 260 | |aOttawa - Ontario : |bLaw Commission of Canada |c2002. |
| 590 | |a07-04-Supp|b2007-06-29 |
| 690 | 07|aEmployment|2gcpds |
| 720 | 1 |aFudge, Judy |
| 720 | 1 |aTucker, Eric |
| 720 | 1 |aVosko, Leah |
| 775 | 08|tLe concept légal de l'emploi - la marginalisation des travailleurs / |w(CaOODSP)9.634293 |
| 856 | 40|ahttp://publications.gc.ca|qPDF|s379 KB|uhttps://publications.gc.ca/collections/collection_2007/lcc-cdc/JL2-35-2002E.pdf |